Größte Fußballvereine Hamburgs. (Aktuell) - Statistiken

Allgemein
  • Dieses Quiz wurde 156 mal gespielt
    48 seit der letzten Aktualisierung
  • Das Durchschnittsergebnis liegt bei 5 aus 6
Antwortstatistiken
Liga Verein % Korrekt
2.Liga FC St.Pauli
100%
4.Liga FC St.Pauli II
100%
2.Liga Hamburger SV
100%
4.Liga Hamburger SV II
100%
4.Liga FC Teutonia 05 Ottensen
53%
4.Liga Eintracht Norderstedt
38%
Keine übereinstimmenden Quizze gefunden
Verteilung der Resultate
Anzahl Personen mit jedem Resultat
Perzentil nach korrekt beantworteten Fragen
Ihre Resultats-Entwicklung
Sie haben dieses Quiz seit der letzten Aktualisierung nicht gespielt